[Event "San Martin"]
[Site "San Martin"]
[Date "1994.??.??"]
[Round "1"]
[White "Casafus, Ruben Andres"]
[Black "Zarnicki, Pablo Adrian"]
[Result "1-0"]
[WhiteElo "2430"]
[BlackElo "2435"]
[Annotator "Ribli,Z"]
[PlyCount "75"]
[EventDate "1994.04.??"]
[EventType "tourn"]
[EventRounds "11"]
[EventCountry "ARG"]
[EventCategory "9"]
[SourceTitle "CBM 042"]
[Source "ChessBase"]
[SourceDate "1994.10.01"]
[SourceVersion "1"]
[SourceVersionDate "1994.10.01"]
[SourceQuality "1"]

1. Nf3 Nf6 2. c4 e6 3. g3 d5 4. b3 a5 5. Bg2 (5. Bb2 a4 6. Qc1 (6. Na3 $5) 6...
c6 7. Bg2 b5 8. cxb5 cxb5 9. bxa4 Rxa4 10. Nc3 Ra5 11. a4 $13 {Farago,S-Polgar,
Zso/Budapest Exp/1993/CBM37/}) 5... a4 6. O-O axb3 (6... c6 $5 7. Na3 Be7 8.
Bb2 O-O 9. d4 $10 {Adgestein,S-Nogueiras,J/Biel izt/1993/CBM37/} (9. Nc2 b5 10.
cxb5 cxb5 11. b4 Nc6 12. a3 Bd6 $13 {Larsen,B-Zarnicki,P/Buenos Aires Najdorf/
1993/CBM35/})) (6... Be7 $5) 7. Qxb3 Be7 8. Nc3 O-O 9. d3 (9. Rd1 $5 Nbd7 10.
d4 $14) 9... Nbd7 10. d4 c6 11. Rd1 b6 (11... Nb6 $5) 12. Nd2 Ba6 13. cxd5 cxd5
14. Rb1 Qb8 15. a4 Rc8 16. Ba3 $1 Bxa3 17. Qxa3 Ne8 $6 (17... Ra7 $5) 18. e4 $1
$14 dxe4 19. Ndxe4 Ra7 (19... Bb7 20. Qe7 $36) 20. d5 $1 Ne5 (20... exd5 21.
Nxd5 $18) 21. dxe6 fxe6 22. Qb4 Nc4 (22... Rc4 23. Qb3 $16) 23. Nc5 $1 Ncd6 (
23... Rxc5 24. Qxc5 bxc5 25. Rxb8 $18) 24. Nxe6 Rc4 25. Qb3 Bb7 26. Bxb7 Rxb7 (
26... Qxb7 27. Nb5 $18) 27. Nb5 Re7 28. Nf4 Ree4 29. Na3 $18 g5 30. Nxc4 Nxc4
31. Re1 (31. f3 $18) 31... Qb7 32. Ng2 Ned6 33. Rxe4 Qxe4 34. Re1 Qd5 35. Rd1
Qf7 36. Ne3 Kf8 37. Nxc4 Nxc4 38. Rc1 1-0

[Event "Paris"]
[Site "Paris"]
[Date "1994.??.??"]
[Round "8"]
[White "Rotstein, Arkadij"]
[Black "Hauchard, Arnaud"]
[Result "1-0"]
[WhiteElo "2480"]
[BlackElo "2485"]
[Annotator "Ribli,Z"]
[PlyCount "103"]
[EventDate "1994.04.??"]
[EventType "tourn"]
[EventRounds "9"]
[EventCountry "FRA"]
[EventCategory "10"]
[SourceTitle "CBM 042"]
[Source "ChessBase"]
[SourceDate "1994.10.01"]
[SourceVersion "1"]
[SourceVersionDate "1994.10.01"]
[SourceQuality "1"]

1. c4 e6 2. g3 d5 3. Bg2 dxc4 4. Qa4+ Nd7 5. Nf3 a6 6. Qxc4 c5 $6 (6... b5 $1)
7. Qb3 Rb8 8. d3 Bd6 9. a4 b6 10. Na3 Bb7 11. O-O Ngf6 12. Nc4 Bc7 13. Bd2 O-O
14. Rfc1 (14. Qc2 Qe7 15. e4 $6 h6 16. Rfe1 Rfd8 17. Rab1 b5 $15 {Poldauf,
D-Ribli,Z/GER-CupT/1993/}) 14... Qe7 (14... b5 15. axb5 axb5 16. Na5 Bd5 17.
Qc2 Ra8 18. b4 $14 {Salov,V-Oll,L/Wijk aan Zee op/1993/CBM34/}) 15. Qd1 (15.
Qa3 b5 16. Ba5 Bxa5 17. Nxa5 Bd5 18. axb5 axb5 19. e4 Ba8 20. Qc3 Rfc8 $10 {
Nielsen,PH-Svistunov,K/Pinsk/1993/CBM38/}) 15... Rfe8 (15... Rfc8 $5 16. Qe1
Nd5 17. e4 Nb4 18. Bxb4 cxb4 19. d4 Nf6 $13) (15... h6 $5) 16. Qe1 Nd5 (16...
b5 17. axb5 axb5 18. Na5 Ba8 19. b4 $14) 17. e4 Nb4 18. Bxb4 cxb4 19. d4 (19.
Na5 $2 Nc5 20. Qxb4 (20. Nxb7 Nxd3 $1 $19) 20... Nxd3 21. Qxe7 Rxe7 $17) 19...
Nf6 20. Nfd2 Qd7 (20... e5 21. d5 $14 (21. dxe5 $5)) 21. e5 Bxg2 22. Kxg2 Nd5 (
22... b5 23. axb5 axb5 24. Ne3 Nd5 25. Ne4 Rec8 26. Ra7 $16) 23. Ne4 Rf8 24.
Ne3 $1 (24. Ncd6 $2 f5 $1) (24. Ned6 $2 b5 $1) 24... Rbc8 25. Qe2 f6 26. exf6
gxf6 (26... Nxf6 $2 27. Nxf6+ Rxf6 28. Qxa6 $16) 27. Kg1 a5 28. Rc4 Nxe3 29.
Qxe3 Bd8 30. Rxc8 Qxc8 31. Re1 (31. Rc1 $5 Qd7 32. b3 $13) 31... Qd7 32. Nd2
Re8 33. Ne4 Qd5 34. b3 Kg7 35. Nd2 Bc7 36. Rc1 Re7 37. Ne4 Rd7 38. Rc4 Bd8 39.
Qf4 f5 $6 (39... h6 $5) 40. Ng5 h6 (40... Bf6 $5 41. Rc7 Bxd4 $4 (41... h6 $13)
42. Rxd7+ Qxd7 43. Qxd4+ Qxd4 44. Nxe6+ $18) 41. Nf3 Bf6 42. Kg2 b5 (42... Qe4
43. Qb8 $36) 43. Rc5 $1 Qxb3 44. axb5 a4 45. b6 a3 46. Qc7 $1 Re7 47. b7 a2 48.
b8=Q a1=Q 49. Qcd8 e5 (49... Qh1+ 50. Kxh1 Qxf3+ 51. Kg1 Qd1+ 52. Kg2 $18) (
49... Qxf3+ 50. Kxf3 Qh1+ 51. Ke2 Qe4+ 52. Kd2 Bg5+ 53. f4 Qg2+ 54. Kc1 Qg1+
55. Kb2 Qxh2+ 56. Rc2 $18) 50. Qh8+ Kg6 51. Nxe5+ $1 Bxe5 52. Rc6+ 1-0

[Event "Santa Clara"]
[Site "Santa Clara"]
[Date "1991.??.??"]
[Round "13"]
[White "Pigusov, Evgeny"]
[Black "Vilela de Acuna, Jose Luis"]
[Result "1/2-1/2"]
[WhiteElo "2540"]
[BlackElo "2440"]
[Annotator "Ribli,Z"]
[PlyCount "122"]
[EventDate "1991.02.??"]
[EventType "tourn"]
[EventRounds "13"]
[EventCountry "CUB"]
[EventCategory "9"]
[SourceTitle "CBM 026"]
[Source "ChessBase"]
[SourceDate "1992.02.01"]
[SourceVersion "1"]
[SourceVersionDate "1992.02.01"]
[SourceQuality "1"]

1. Nf3 Nf6 2. c4 e6 3. g3 d5 4. Bg2 dxc4 5. Qc2 Nbd7 6. Na3 (6. O-O Nb6 $1 7.
Na3 Bxa3 8. bxa3 Bd7 9. Ne5 Ba4 $1 10. Qc3 Nfd5 11. Qd4 Bb5 $1 12. Rb1 a6 13.
a4 Nxa4 14. Ba3 c5 $1 $15 {Suba-Ribli Reggio Emilia 1986/87 43/14}) 6... Bxa3
7. bxa3 Nb6 8. Ne5 O-O 9. O-O Rb8 10. Nxc4 Nxc4 11. Qxc4 b6 12. d3 Bb7 13. Bxb7
Rxb7 14. a4 Qd5 15. Qa6 Rbb8 16. Bb2 Nd7 17. Rfc1 c5 18. Qc4 Qxc4 19. Rxc4 e5
20. f4 exf4 21. gxf4 Rfe8 22. Kf2 Rbd8 23. Kf3 f6 24. Rb1 Re6 25. Bc3 Rb8 26.
Rb2 Kf7 27. Be1 Rd6 28. Bf2 Rd5 29. d4 cxd4 30. Bxd4 Re8 31. e3 Re7 32. Rb5 Rd6
33. Rc8 Nf8 34. Bb2 Ne6 35. a5 (35. Ba3 $5 Nc5 36. Rbxc5 bxc5 37. Bxc5 Ra6 38.
Bxe7 Kxe7 39. Rc7+ Kf8 40. Rc4 $14) 35... Rd3 36. axb6 axb6 37. Rb3 Rxb3 38.
axb3 Rc7 39. Rxc7+ Nxc7 40. Ke4 Ke6 41. f5+ Kd6 42. h4 Na6 43. Ba3+ Nc5+ 44.
Kd4 Kc6 45. b4 Nd7 46. h5 h6 47. e4 b5 48. Bc1 Ne5 49. Bf4 Nf3+ 50. Ke3 Ne5 51.
Bg3 Nf7 52. Kd4 Nd6 53. Bxd6 Kxd6 54. e5+ fxe5+ 55. Ke4 Kd7 56. Kxe5 Ke7 57.
Kd5 Kf6 58. Kc5 Kxf5 59. Kxb5 g5 60. hxg6 Kxg6 61. Kc5 h5 1/2-1/2

[Event "Lazne Bohdanec"]
[Site "Lazne Bohdanec"]
[Date "1994.??.??"]
[Round "4"]
[White "Blatny, Pavel"]
[Black "Rogers, Ian"]
[Result "0-1"]
[WhiteElo "2525"]
[BlackElo "2565"]
[Annotator "Ribli,Z"]
[PlyCount "90"]
[EventDate "1994.02.??"]
[EventType "tourn"]
[EventRounds "11"]
[EventCountry "CZE"]
[EventCategory "10"]
[SourceTitle "CBM 040"]
[Source "ChessBase"]
[SourceDate "1994.06.01"]
[SourceVersion "1"]
[SourceVersionDate "1994.06.01"]
[SourceQuality "1"]

1. Nf3 Nf6 2. c4 c5 3. b3 e6 4. Bb2 d5 5. e3 Nc6 6. Be2 $6 (6. cxd5 exd5 7. Bb5
$5 {Zlotnikov,M-Tuldashev,S/Voskresenk/1992/} (7. Be2 $5)) 6... d4 7. exd4 cxd4
8. d3 e5 9. a3 a5 10. O-O Bd6 11. Nbd2 O-O 12. Ne1 Bf5 13. Bf3 Qd7 14. Ne4 (14.
Qe2 Rae8 15. Ne4 Nxe4 16. Bxe4 Bxe4 17. Qxe4 Qe6 $15) 14... Nxe4 15. dxe4 (15.
Bxe4 Be6 $5 $13 (15... Bxe4 16. dxe4 f5 17. Qe2 $13)) 15... Be6 16. Qc2 b6 17.
Nd3 Rfc8 18. a4 (18. Qe2 $2 a4 $1 $17) 18... Nb4 19. Qe2 Nxd3 20. Qxd3 Rf8 $15
21. g3 Rad8 22. Bg2 Qc7 23. Rae1 f6 24. h4 g5 $1 25. Bc1 Qg7 26. Kh2 Kh8 27.
Bh3 Bxh3 28. Kxh3 Bb4 29. Re2 (29. Bd2 Bxd2 30. Qxd2 gxh4 31. gxh4 Qd7+ $17)
29... Qd7+ 30. g4 h5 31. f3 Rg8 32. Rh1 gxh4 33. Rg2 Rg6 34. Kxh4 Rdg8 35. Qd1
(35. Kg3 Rxg4+ 36. fxg4 Qxg4+ $19) 35... hxg4 36. Rxg4 R8g7 $1 37. Kg3+ Kg8 38.
Rhh4 d3 $1 39. Bh6 Rxg4+ 40. fxg4 Rh7 41. g5 fxg5 42. Rh5 d2 43. Kg2 (43. Rxg5+
Kh8 $19) 43... Be7 44. Rh1 Qc6 45. Qh5 Rxh6 (45... Rxh6 46. Qxh6 Qxh6 47. Rxh6
d1=Q $19) 0-1

[Event "Akureyri"]
[Site "Akureyri"]
[Date "1994.??.??"]
[Round "?"]
[White "Petursson, Margeir"]
[Black "Jonsson, Bjorgvin"]
[Result "1-0"]
[WhiteElo "2550"]
[BlackElo "2380"]
[Annotator "Ribli,Z"]
[PlyCount "111"]
[EventDate "1994.02.??"]
[EventType "tourn"]
[EventRounds "11"]
[EventCountry "ISL"]
[EventCategory "10"]
[SourceTitle "CBM 040"]
[Source "ChessBase"]
[SourceDate "1994.06.01"]
[SourceVersion "1"]
[SourceVersionDate "1994.06.01"]
[SourceQuality "1"]

1. c4 e6 2. g3 Nf6 3. Bg2 d5 4. Nf3 dxc4 5. Qa4+ Nbd7 6. Qxc4 a6 7. Qb3 c5 (
7... Bd6 $5 {Kiselev,S-Sveshnikov,E/St.Petersburg zt/1993/CBM34/}) 8. a4 $5 (8.
d3 Qc7 (8... Ra7 9. Nbd2 b6 10. a4 Bb7 11. Nc4 Be7 12. Bf4 $14 {Sveshnikov}) 9.
a4 Be7 10. a5 $14 {Hauchard,A-Thorhallsson,T/Reykjavik/1993/CBM35/}) 8... Qb6
9. Qxb6 Nxb6 10. a5 Nbd5 11. O-O Bd7 12. d3 Be7 13. Na3 O-O 14. Bd2 Rfd8 15.
Rfc1 Be8 16. Nc4 Rac8 17. Nfe5 $14 Bb5 18. f4 Ne8 19. Bf3 f6 20. Ng4 Bc6 21.
Nf2 Kf7 22. Ne4 Nec7 23. Kf1 $1 (23. Nb6 $2 Nxb6 24. axb6 Nb5 25. Nxc5 $2 Bxf3
$19) 23... Nb5 24. e3 Rc7 (24... Nb4 25. Bxb4 cxb4 26. Ke2 $14) 25. Ke2 Rcd7
26. Nf2 Rc7 27. Be1 g6 28. Ne4 Rcd7 29. Rd1 Bf8 30. Rac1 Rc7 31. Bh1 h6 32. g4
g5 33. fxg5 hxg5 34. h4 $1 gxh4 35. Bxh4 Be7 36. g5 fxg5 (36... Rh8 37. Bg3 Rd7
38. gxf6 $18) 37. Bxg5 Rh8 38. Rf1+ Ke8 39. Rf2 Nb4 40. Bxe7 Rxe7 (40... Kxe7
41. Ne5 $16) 41. Ne5 $1 Rg7 42. Nxc6 Nxc6 43. Nxc5 Rh3 44. Bg2 Rhg3 45. Bxc6+
bxc6 46. Ne4 Rg1 47. Rxc6 Rb1 48. Rxe6+ Kd8 49. Rf8+ Kc7 50. Rxa6 Rxb2+ 51. Kf3
Rh2 52. Raf6 Rh3+ 53. Ke2 Rh2+ 54. Rf2 Rhh7 55. Nf6 Nc3+ 56. Kd2 1-0

[Event "Abu Dhabi op 13th"]
[Site "Abu Dhabi"]
[Date "2003.08.23"]
[Round "7"]
[White "Magerramov, Elmar S"]
[Black "Rausis, Igors"]
[Result "1-0"]
[WhiteElo "2566"]
[BlackElo "2495"]
[Annotator "Ribli,Z"]
[PlyCount "101"]
[EventDate "2003.08.16"]
[EventType "swiss"]
[EventRounds "9"]
[EventCountry "UAE"]
[SourceTitle "CBM 097"]
[Source "ChessBase"]
[SourceDate "2003.11.11"]
[SourceVersion "1"]
[SourceVersionDate "2003.11.11"]
[SourceQuality "1"]

1. c4 e6 2. Nf3 d5 3. e3 {Dieser genügsame Zug bietet Weiß weniger Hoffnungen
auf Eröffnungsvorteil als die prinzipielle Fortsetzung 3.d4.} Nf6 4. b3 Bd6 (
4... c5) (4... Be7) 5. Bb2 O-O 6. Nc3 b6 7. Qc2 Bb7 (7... c5) 8. d4 Nbd7 9.
cxd5 exd5 {Diese Fortsetzung gefällt mir nicht. Nach diesem Zug wird die
Diagonale des b7-Läufers geschlossen.} (9... Nxd5 $5 10. e4 Nb4 (10... Nxc3 11.
Bxc3 c5 $11) 11. Qd2 f5 $13) 10. Bd3 a6 (10... c5 11. O-O $14) 11. O-O Qe7 (
11... c5 12. dxc5 Nxc5 (12... bxc5 13. Rfd1 $14) 13. Bf5 $14) 12. Bf5 g6 13.
Bh3 Rad8 (13... Ne4 $5 14. g3 {[%cal Gh3g2,Gg2a8]} (14. Nxe4 dxe4 15. Nd2 f5
$36 {[%csl Rh3]}) (14. Bxd7 Qxd7 15. Nxe4 dxe4 16. Ne5 Qe6 $11)) 14. Rac1 Rfe8
15. g3 {[%cal Gh3g2,Gg2a8] Der Läufer steht wirklich nicht gut auf h3, also
möchte Weiß den Läufer auf die große Diagonale stellen.} c5 $6 {Nach 13...Rad8
dieser Plan ist weniger logisch.} (15... Ne4 $5) 16. Bg2 Rc8 17. dxc5 bxc5 (
17... Nxc5 18. Rfd1 $14 {[%csl Rd5] Der d5P ist isoliert, was Weiß einen
kleinen, aber dauerhaften Vorteil bietet.}) 18. Rfd1 $14 {[%csl Rc5,Rd5] Weiß
hat zwei starke Läufer auf den großen Diagonalen und Schwarz muss immer
vorsichtig sein wegen der "hängenden" Bauern auf d5 und c5.} Red8 19. Qb1 Ne5
20. Nxe5 Bxe5 21. Na4 {[%cal Ga4c5] Weiß zielt auf den c5-Bauern.} (21. Ne2 $14
) 21... Bxb2 22. Qxb2 Ne4 23. Rc2 {[%cal Gd1c1,Gb2c1,Gc1c8]} Qe6 (23... d4 $2
24. exd4 cxd4 25. Rxc8 Rxc8 26. Qxd4 Ng5 27. Nc3 $16) 24. h4 {Ein nützlicher
Wartezug, mit dem Weiß sich vorher gegen die Möglichkeit Ng5 verteidigt.} (24.
Qc1 $6 d4 $1 25. exd4 cxd4 $36) 24... Ba8 (24... Rd6 $5) 25. Qc1 $1 {[%csl Rc5]
[%cal Gc1c8]} d4 $2 {[%mdl 8192] Schwarz möchte im Trüben fischen, aber dieser
Zug verliert einfach einen Bauern.} (25... c4 26. Nc3 $14 (26. Rd4 $14)) 26.
exd4 cxd4 27. Rxd4 $16 {Weiß hat einen Bauern mehr und es gibt keine
Kompensation für Schwarz.} Nf6 28. Nc5 (28. Rxd8+ Rxd8 29. Bxa8 Qg4 (29... Rxa8
30. Rc6 $16) 30. Kg2 Rxa8 31. Rc4 $16) 28... Qe5 29. Rxd8+ (29. Nxa6 $1 $18)
29... Rxd8 30. Bxa8 Rxa8 31. Qg5 Qd4 32. Qd2 (32. Rd2 $16) 32... Qe5 33. Nd7 (
33. b4 $16) 33... Nxd7 34. Qxd7 {[%cal Gd1d8,Gc2c8] Weiß hat aktive Figuren
und seine Bauernmehrheit am Damenflügel muss sich früher oder später
durchsetzen.} Kg7 35. Qc6 Rd8 36. Kg2 (36. Qxa6 $4 Rd1+ 37. Kh2 Qe4 $19) 36...
Rd3 37. Rc4 Rd6 (37... h5 38. Qxa6 $4 (38. Qe4 Qxe4+ 39. Rxe4 $16) 38... Qd5+
39. Kh2 Rd1 $19) 38. Qf3 h5 39. Rc6 Rxc6 40. Qxc6 {[%mdl 4096] In diesem
Damenendspiel hat Weiß ausgezeichnete Gewinnchancen - sein Plan ist einfach,
er kann seine Bauernmehrheit am Damenflügel verwerten. Schwarz hat keine
Möglichkeit auf ewiges Schach, er kann nur warten.} a5 41. Qc1 (41. a4 $16) (
41. a3 $16) 41... f6 (41... Kg8) 42. Qe3 Qd5+ 43. Qf3 Qc5 44. Qb7+ Kh6 45. a4
g5 $2 {Das ist eine überflüssige Schwächung des Königsflügels.} (45... f5 $5
46. Qb5 Qc3 47. Qc4 Qe1 $16 (47... Qd2 48. Qf4+ $18)) 46. hxg5+ fxg5 47. Qa6+
Kg7 48. Qb5 $18 Qe7 (48... Qxb5 49. axb5 $18) 49. Qxa5 h4 50. Qc3+ Kg6 51. Qc6+
1-0

[Event "St Petersburg op"]
[Site "St Petersburg"]
[Date "1994.??.??"]
[Round "9"]
[White "Anastasian, Ashot"]
[Black "Yuferov, Sergey N"]
[Result "0-1"]
[WhiteElo "2545"]
[BlackElo "2475"]
[Annotator "Ribli,Z"]
[PlyCount "56"]
[EventDate "1994.02.??"]
[EventType "swiss"]
[EventRounds "9"]
[EventCountry "RUS"]
[SourceTitle "CBM 041"]
[Source "ChessBase"]
[SourceDate "1994.08.01"]
[SourceVersion "1"]
[SourceVersionDate "1994.08.01"]
[SourceQuality "1"]

1. Nf3 d5 2. c4 e6 3. b3 Nf6 4. Bb2 Be7 5. e3 O-O 6. Be2 Nbd7 (6... b6 $5) (
6... c5 $5) 7. O-O b6 8. d3 (8. Nc3 Bb7 9. Re1 Ne4 (9... c5 $5) 10. Qc2 Bf6 11.
cxd5 exd5 12. b4 $14 {Skembris-Maksimovic,B/Iraklion/1993/INF59,11/}) (8. cxd5
exd5 {Menvielle,L-Castellano,J/Las Palmas Pirez/1993/EXP39/} (8... Nxd5 $5))
8... Bb7 9. Nbd2 Bd6 10. Qc2 c5 11. Rac1 Rc8 12. Qb1 Re8 13. Rfd1 Qe7 14. Qa1 (
14. d4 Ne4 15. cxd5 exd5 16. Bb5 $13) 14... e5 15. cxd5 Nxd5 16. Bf1 (16. a3 $5
) 16... Bb8 17. g3 Rcd8 18. a3 Qe6 19. Bg2 h6 20. Nc4 (20. d4 cxd4 21. exd4 e4
22. Re1 f5 $13) (20. Re1 $5) 20... b5 21. Ncd2 a6 22. Re1 N5f6 (22... f5 23. e4
$36) 23. b4 $6 (23. Red1 $5) 23... cxb4 24. axb4 Bd6 25. Nd4 $2 (25. Ng5 $2
hxg5 26. Bxb7 Bxb4 27. Bc3 Bxc3 28. Rxc3 Nb8 $17) (25. Nxe5 $2 Nxe5 26. Bxb7
Nxd3 $19) (25. Ba3 $5) 25... exd4 26. Bxb7 Bxb4 27. Rcd1 (27. exd4 Qb6 $19) (
27. Rc6 Qh3 $19) 27... Bxd2 28. Rxd2 Nc5 0-1

[Event "Budapest FS03 GM"]
[Site "Budapest"]
[Date "1993.??.??"]
[Round "5"]
[White "Farago, Sandor"]
[Black "Lukacs, Peter"]
[Result "0-1"]
[WhiteElo "2340"]
[BlackElo "2480"]
[Annotator "Ribli,Z"]
[PlyCount "92"]
[EventDate "1993.03.??"]
[EventType "tourn"]
[EventRounds "11"]
[EventCountry "HUN"]
[EventCategory "8"]
[SourceTitle "CBM 037"]
[Source "ChessBase"]
[SourceDate "1993.12.01"]
[SourceVersion "1"]
[SourceVersionDate "1993.12.01"]
[SourceQuality "1"]

1. Nf3 d5 2. c4 e6 3. g3 dxc4 4. Qa4+ Nd7 5. Qxc4 b6 $5 6. Bg2 Bb7 7. O-O Ngf6
8. Nc3 c5 9. e4 (9. d4 a6 10. Rd1 Rc8 $10) 9... Rc8 $5 (9... Be7 $6 10. e5 Nd5
11. Qg4 O-O 12. d4 Kh8 13. Re1 $36 {Romanishin,O-Sveshnikov,E/URS/1976/INF22,
40/}) (9... a6 $5) 10. Re1 (10. e5 $2 Bxf3 11. Bxf3 Nxe5 $19) 10... Ng4 $5 11.
Qa4 Bc6 (11... a6 $5) 12. Qd1 Nge5 13. d4 Nxf3+ 14. Bxf3 cxd4 15. Qxd4 Qf6 $1
16. Qxf6 (16. Qe3 Bc5 17. Qe2 Ne5 $17) 16... gxf6 17. Bg2 Bb4 18. Bh6 Ke7 19.
Rac1 Ne5 20. a3 Bc5 21. Re2 (21. b4 $2 Bxf2+ 22. Kxf2 Ng4+ $19) 21... Rhd8 22.
h3 Bb7 23. b4 Bd4 24. Nb5 Rxc1+ 25. Bxc1 Ba1 $1 $17 26. Rc2 a6 27. Na7 Bd4 28.
b5 (28. Rc7+ Rd7 29. Rxd7+ Kxd7 $19) 28... Bc5 29. a4 a5 30. Be3 Rd1+ 31. Kh2
Bxe3 32. fxe3 Kd7 33. Rf2 Ke7 34. Rc2 Kd6 35. Rf2 Ra1 36. Rxf6 Rxa4 37. Rf2 Kc7
38. g4 Kb8 39. Nc6+ Bxc6 40. bxc6 b5 $1 41. Bf1 b4 42. Bb5 Ra3 43. Kg3 Kc7 44.
Kf4 Nd3+ 45. Bxd3 Rxd3 46. Ke5 b3 0-1

[Event "Buenos Aires Najdorf"]
[Site "Buenos Aires"]
[Date "1993.??.??"]
[Round "2"]
[White "Larsen, Bent"]
[Black "Zarnicki, Pablo Adrian"]
[Result "0-1"]
[WhiteElo "2540"]
[BlackElo "2470"]
[Annotator "Ribli,Z"]
[PlyCount "68"]
[EventDate "1993.04.??"]
[EventType "tourn"]
[EventRounds "11"]
[EventCountry "ARG"]
[EventCategory "13"]
[SourceTitle "CBM 035"]
[Source "ChessBase"]
[SourceDate "1993.08.01"]
[SourceVersion "1"]
[SourceVersionDate "1993.08.01"]
[SourceQuality "1"]

1. Nf3 Nf6 2. c4 e6 3. g3 d5 4. Bg2 Be7 5. b3 $6 (5. O-O $5) 5... a5 $5 6. O-O
a4 7. Na3 (7. cxd5 exd5 8. bxa4 Nbd7 $44) 7... O-O 8. Bb2 c6 (8... Nbd7 9. d3
c6 10. Qc2 $6 (10. Nc2 $5) 10... Qb6 11. cxd5 exd5 12. Rfb1 Re8 $13 {Larsen,
B-Adams,M/Roquebrune/1992/CBM28/}) 9. Nc2 (9. Qc1 $13 {Landenbergue,
C-Ioseliani,N/Biel-B/1990/CBM19/}) 9... b5 10. cxb5 cxb5 11. b4 Nc6 12. a3 Bd6
13. Ncd4 Na7 (13... Nxd4 14. Bxd4 Re8 15. Ne5 $14) 14. Qb1 Re8 15. e3 Qd7 (
15... e5 16. Nf5 $14) 16. Nh4 e5 17. Ndf5 Bb8 (17... Bf8 18. f4 $1 $36) 18. f4
Nc6 19. Qd3 (19. Bh3 Qb7 $13) 19... g6 20. fxe5 Bxe5 21. Bxe5 (21. Nd4 Bb7 $13)
21... Nxe5 22. Qd4 (22. Nh6+ Kg7 23. Qd4 Ra6 24. Qf4 Nh5 $19) 22... gxf5 23.
Rxf5 (23. Nxf5 Ra6 24. Qh4 Ng6 25. Qh6 Qxf5 26. Rxf5 Bxf5 $19) 23... Qe7 24.
Raf1 (24. Rg5+ Ng6 25. Rf1 Ra6 $19) 24... Bxf5 25. Nxf5 Qf8 26. Qb6 Re6 $1 $19
27. Qxb5 Nc4 28. Qb7 Nd6 29. Nxd6 Rxd6 30. Rf4 Qc8 31. Qe7 Re6 32. Qc5 Qxc5 33.
bxc5 Ne4 34. d3 Nc3 0-1

[Event "Montreal 6th"]
[Site "Montreal"]
[Date "2005.08.03"]
[Round "1"]
[White "Huzman, Alexander"]
[Black "Bluvshtein, Mark"]
[Result "1-0"]
[WhiteElo "2577"]
[BlackElo "2525"]
[Annotator "Ribli,Z"]
[PlyCount "73"]
[EventDate "2005.08.03"]
[EventType "tourn"]
[EventRounds "11"]
[EventCountry "CAN"]
[EventCategory "12"]
[SourceTitle "CBM 109"]
[Source "ChessBase"]
[SourceDate "2005.11.14"]
[SourceVersion "1"]
[SourceVersionDate "2005.11.14"]
[SourceQuality "1"]

1. Nf3 Nf6 2. c4 e6 3. g3 c5 4. Bg2 d5 5. cxd5 Qxd5 $6 {Dieser Zug wird in der
Turnierpraxis selten gespielt; sein Hauptvorteil besteht darin, dass Schwarz
die theoretischen Varianten vermeidet. Der Umstand, dass die schwarze Dame
schnell ins Spiel kommt, ist vorteilhaft für Weiß.} (5... Nxd5 6. O-O Nc6 7. d4
Be7 8. dxc5 Bxc5 9. Qc2 Be7 10. Rd1 Qb6 11. a3 O-O 12. e4 Nf6 13. Be3 Qa5 14.
Nc3 $16 {1-0 Ribli,Z-Pomar Salamanca,A/Las Palmas 1974/(45)}) (5... exd5 6. d4
Nc6 7. O-O) 6. Nc3 Qd8 7. b3 {Weiß besitzt bereits Entwicklungsvorteil und
kann seinen zweiten Läufer auf der großen Diagonale positionieren;
dementsprechend ist der Textzug logisch, jedoch wäre die folgende Alternative
noch stärker.} (7. Ne5 Bd6 8. d4 O-O 9. O-O Qe7 10. Bg5 h6 11. Bxf6 gxf6 12.
Nc4 Rd8 13. Ne4 Be5 14. Nxe5 fxe5 15. Qc1 $1 $16 {1-0 Quinteros,M-Playa,M/Mar
del Plata 1993/EXT 98 (25)}) 7... Nc6 8. Bb2 e5 9. Rc1 $14 {[%csl Gb2,Gg2]
Weiß besitzt Entwicklungsvorteil und zielt auf die scharzen schwachen Bauern
auf e5 und c5. Diese Stellung ähnelt der Variante 1.c4 c5 2.Nf3 Nf6 3.Nc3 Nc6
4.g3 d5 5.cxd5 Nxd5 6.Bg2 Nc7 7.0-0 e5 mit dem Unterschied, dass Weiß hier
einige Tempi mehr besitzt.} Be7 10. Na4 Nd7 {Dieser Zug ist passiv, aber die
einzige Möglichkeit, beide Bauern (c5P und e5P) zu verteidigen.} 11. O-O O-O
12. Ne1 {[%cal Ge1d3,Gd3e5,Gd3c5] Der Springer strebt nach d3 und öffnet
gleichzeitig die Diagonale des g2-Läufers.} Nb4 (12... Bd6 $142 13. Nd3 Qe7)
13. a3 Na6 (13... Nc6 $2 14. Nd3 $16) 14. Nd3 Bd6 15. Nc3 {[%cal Gc3b5,Gc3d5,
Gc3e4] Der a4N kommt zurück und Schwarz muss entweder mit Nb5 oder Ne4 und Nd5
rechnen.} Rb8 16. Ne4 (16. Nb5 Qb6 17. Nxd6 Qxd6 18. f4 exf4 19. Rxf4 $16)
16... Qe7 17. f4 $1 exf4 18. Nxf4 {[%csl Rc8,Yd5][%cal Gf4d5][%mdl 2048] Weiß
besitzt eine überlegene Stellung: alle seine Figuren stehen sehr aktiv,
während Schwarz große Probleme mit der Koordination seiner Figuren hat; sein
c8B steht besonders passiv.} (18. Nxd6 Qxd6 19. Rxf4 $16) 18... Be5 (18... Nc7
19. Nxd6 Qxd6 20. d4 $16) (18... b6 19. Nd5 Qe6 20. Nxd6 Qxd6 21. Qc2 Bb7 22.
Qf5 $16) 19. Nd5 {Mit Tempo gespielt.} Qe6 20. Bxe5 Nxe5 (20... Qxe5 21. Nxc5 (
21. Rf5) 21... Naxc5 22. d4 $16) 21. Nxc5 Nxc5 22. Rxc5 $16 {Weiß hat einen
Mehrbauern und die aktivere Stellung.} Qd6 23. d4 Be6 24. e4 {Weiß mobilisiert
seine Zentrumsbauern.} b6 25. Rc1 Ng6 26. e5 Qd7 27. Ne3 {[%cal Rd4d5]} Rbd8 (
27... Bh3 28. Bxh3 Qxh3 29. Nf5 $18) 28. d5 Qe7 (28... Bh3 $2 29. e6 $18) 29.
Qd4 Bc8 30. Nc4 Ba6 (30... b5 31. Nd6 Nxe5 32. Nxb5) 31. d6 Qg5 32. Rce1 Bxc4
33. bxc4 Rfe8 34. c5 $6 (34. Rxf7 $1 Rxe5 (34... Kxf7 35. Bd5+ Kf8 (35... Re6
36. Bxe6+ Kxe6 37. Qd5+ $18) 36. Rf1+ $18) 35. Ref1 Qe3+ 36. Qxe3 Rxe3 37. Bd5
Kh8 38. Rxa7 $18) 34... bxc5 35. Qxc5 Nxe5 36. Qxa7 Re6 $2 (36... f6 $142) 37.
Rxe5 $1 {[%mdl 64]} (37. Rxe5 Qxe5 38. Qxf7+ Kh8 39. Qf8+ $18) 1-0